| 000 | 00464nam a22001817a 4500 | ||
|---|---|---|---|
| 003 | NUST - PNEC | ||
| 005 | 20170116180934.0 | ||
| 008 | 150906b xxu||||| |||| 00| 0 eng d | ||
| 020 | _a0582249112 | ||
| 040 | _cLIBRARY | ||
| 082 | _a621.3133 SAY | ||
| 100 |
_98383 _aSay, M. G. |
||
| 245 |
_aAlternating current machines _cM. G. Say |
||
| 250 | _a5th ed. | ||
| 260 | _cc.1983 | ||
| 650 |
_98386 _aElectric Machinery-Alternating Current _xEE |
||
| 942 |
_2ddc _cBK |
||
| 999 |
_c65971 _d65971 |
||